00733nam a2200217 i 4500001000300000245009500003260006300098300002800161504002600189650002000215655003000235700003000265015001700295020001800312040000800330041000800338044000800346080002200354008004100376856009800417bg00aSztuczne sieci neuronowe :blaboratorium : praca zbiorowa /cpod red. Andrzeja Rybarczyka. aPoznań :bWydawnictwo Politechniki Poznańskiej,c2007. a119 s. :bil. ;c24 cm. aBibliogr. s. 117-119. 9aSieci neuronowe aPodręczniki akademickie1 aRybarczyk, Andrzej.eRed. aPB 9075/2007 a9788371432613 cBPK0 apol aPOL a004.032.26(075.8)080325s2007 pl a e f |000 0 pol  uhttp://koha.tu.koszalin.pl/cgi-bin/koha/opac-detail.pl?biblionumber=54401yKatalog online BPK